Ultimate Friends Quiz - Statistics

General Stats
  • This quiz has been taken 547 times
  • The average score is 18 of 22
Answer Stats
Hint Answer % Correct
The Year The Show Began 1994
99%
Bright Haired Manager Of The Coffee Shop The Friends Hang Out In Gunther
97%
Name Of Ross' Son Born In Season 1 Ben
96%
Name Of The Above Coffee Shop Central Perk
95%
Chandlers On-Off Love Interest For The First 3 Seasons Janice
94%
Character Who Speaks Fluent French Phoebe
93%
"Joey Doesn't _____ Food!" Share
93%
Mother Of The Above Carol
92%
Joey Stars In Which TV Show? Days Of Our Lives
92%
Character Who Boards A Plane To France In 'The Last One' Rachel
92%
Monica And Chandler Were Married In The Finale Of Which Season? 7
91%
Little Known Actress Who Found Fame Playing Rachel On The Hit Show Jennifer Aniston
91%
This Actress Plays The Above Character Lisa Kudrow
87%
Monica's Nickname On Her Field Hockey Team Big Fat Goalie
85%
Chandler's New Roomate When Joey Moves Out Eddie
81%
The Character Joey Plays In The Above Dr Drake Ramoray
76%
The 6 Cast Members Were Reported To Be On This Amount of Money Per Episode For The Last 2 Seasons $1 Million
67%
The TV Guide Delivered To Chandler And Joey's Comes Adressed To What Name Miss Chanandler Bong
65%
Name Of The Episode In Which Joey 'Cracks' His Way Into Show Business In An Al Pacino Movie The One With The Butt
55%
There Were This Many Episodes Of Friends during Its 10 Year Run 236
53%
The Names Monica Has Had Picked Out For Her Children Since She Was 14 Emma And Daniel
30%
Which Actress Played Chandler's Dad? Kathleen Turner
30%
No matching quizzes found
Score Distribution
Percent of People with Each Score
Percentile by Number Answered
Your Score History
You have not taken this quiz